[Event "Caorle Open"]
[Site "Caorle ITA"]
[Date "1984.??.??"]
[Round "8"]
[White "Drei, Andrea"]
[Black "Roth, Peter"]
[Result "0-1"]
[WhiteElo "2156"]
[BlackElo "2305"]
[PlyCount "90"]
[EventDate "1984.??.??"]
[Source "www.chesslib.no"]
[SourceDate "2004.05.04"]

1. e4 e5 2. Nf3 Nc6 3. Bb5 a6 4. Ba4 Bc5 5. c3 Qf6 6. O-O Nge7 7. d3 h6 8. Be3 Ba7 9. Bxa7 Rxa7 10. d4 O-O 11. Qd3 d6 12. Nbd2 Ra8 13. Rfe1 Nd8 14. Bb3 g5 15. Nf1 Ne6 16. Qe3 Nf4 17. g3 Kh8 18. Red1 Rg8 19. Ne1 Nh3+ 20. Kg2 Ng6 21. f3 h5 22. Kh1 h4 23. Nd3 hxg3 24. hxg3 Rg7 25. Rd2 Rh7 26. Rh2 Kg7 27. Nf2 Bd7 28. Nxh3 Bxh3 29. Qf2 Rah8 30. Kg1 Kf8 31. Rd1 Bxf1 32. Rxh7 Rxh7 33. Qxf1 Qh8 34. Qg2 Nf4 35. gxf4 gxf4 36. dxe5 Rg7 37. exd6 Rxg2+ 38. Kxg2 cxd6 39. Rxd6 Qh4 40. Bd1 Qg5+ 41. Kh2 Qg3+ 42. Kh1 Qf2 43. Rd5 Qxb2 44. Bb3 Qf2 45. Rf5 Qxf3+ 0-1

[Event "Corr"]
[Site "?"]
[Date "2002.08.17"]
[Round "?"]
[White "Barnes Jonatan"]
[Black "Marcotulli Giancarlo"]
[Result "1/2-1/2"]
[WhiteElo "2192"]
[BlackElo "2255"]
[PlyCount "73"]
[EventDate "2002.??.??"]
[Source "www.chesslib.no"]
[SourceDate "2004.05.04"]

1. e4 e5 2. Nf3 Nc6 3. Bb5 a6 4. Ba4 Bc5 5. c3 Nf6 6. O-O O-O 7. d4 Bb6 8. Bg5 h6 9. Bh4 d6 10. Bxc6 bxc6 11. Nbd2 g5 12. dxe5 gxh4 13. exf6 h3 14. Qa4 hxg2 15. Kxg2 Qxf6 16. Qxc6 Kh8 17. Rg1 Rb8 18. Kf1 Bh3+ 19. Ke2 Rfd8 20. Rg3 Bd7 21. Qd5 Ba7 22. Rb1 Rb5 23. Qd3 Ra5 24. a3 d5 25. e5 Qf4 26. c4 Bf5 27. Qc3 Bb6 28. Rbg1 d4 29. Qb4 Rxe5+ 30. Nxe5 Qxe5+ 31. Kd1 Re8 32. Qb3 Ba5 33. Kc1 Bxd2+ 34. Kxd2 a5 35. Kc1 Qf4+ 36. Kd1 Qxf2 37. R3g2 1/2-1/2

[Event "otb"]
[Site "otb"]
[Date "2007.04.09"]
[Round "9"]
[White "Rios Alejandro"]
[Black "Capellades Subirana Marc"]
[Result "1-0"]
[WhiteElo "2342"]
[BlackElo "2093"]
[PlyCount "95"]
[Source "www.chesslib.no"]
[SourceDate "2004.05.04"]

1. e4 e5 2. Nf3 Nc6 3. Bb5 a6 4. Ba4 Bc5 5. c3 d6 6. O-O Bd7 7. d4 Bb6 8. Na3 f6 9. Be3 Ba7 10. Nh4 g6 11. f4 Qe7 12. fxe5 Nxe5 13. Bxd7+ Nxd7 14. Qg4 O-O-O 15. Rae1 Kb8 16. Kh1 Re8 17. Qg3 Qd8 18. Bg1 Ne7 19. c4 Nc6 20. Nc2 Rhg8 21. b4 f5 22. exf5 gxf5 23. Qh3 Rxe1 24. Rxe1 f4 25. a4 Nf6 26. b5 axb5 27. axb5 Na5 28. Qc3 Nh5 29. Nf3 b6 30. Nb4 Qf8 31. Nh4 Rg4 32. Na6+ Kc8 33. Qh3 Nf6 34. Nf5 h5 35. Qf3 Kd7 36. Re7+ Qxe7 37. Nxe7 Kxe7 38. Qa8 Nxc4 39. Qxa7 d5 40. Nxc7 Kd6 41. Qb7 Nd2 42. Qxb6+ Kd7 43. Qc6+ Ke7 44. Qe6+ Kd8 45. Qxf6+ Kxc7 46. Qc6+ Kb8 47. Qxd5 Rh4 48. Qd8+ 1-0

[Event "OSS IM"]
[Site "?"]
[Date "2003.04.05"]
[Round "5"]
[White "Dannevig Oystein"]
[Black "Karlsen Terje"]
[Result "1/2-1/2"]
[WhiteElo "2333"]
[BlackElo "2099"]
[PlyCount "52"]
[EventDate "2003.??.??"]
[Source "www.chesslib.no"]
[SourceDate "2004.05.04"]

1. e4 e5 2. Nf3 Nc6 3. Bb5 a6 4. Ba4 Bc5 5. c3 b5 6. Bc2 d6 7. d4 Bb6 8. h3 Nf6 9. a4 Bb7 10. O-O exd4 11. cxd4 Nb4 12. Re1 Nxc2 13. Qxc2 O-O 14. Bg5 h6 15. Bh4 Re8 16. Nbd2 g5 17. Bg3 Qd7 18. a5 Ba7 19. b4 Rac8 20. Qd3 c5 21. bxc5 dxc5 22. d5 c4 23. Qc3 Nh5 24. Nf1 f5 25. exf5 Bxd5 26. f6 Qf5 1/2-1/2

[Event "Moscow Alekhine op"]
[Site "Moscow"]
[Date "1996.??.??"]
[Round "6"]
[White "Mukhaev, Aleksander"]
[Black "Gumirov, Konstantin L"]
[Result "1-0"]
[WhiteElo "2270"]
[BlackElo "2160"]
[PlyCount "81"]
[EventDate "1996.??.??"]
[Source "www.chesslib.no"]
[SourceDate "2004.05.04"]

1. e4 e5 2. Nf3 Nc6 3. Bb5 a6 4. Ba4 Bc5 5. O-O d6 6. c3 Bg4 7. d4 Ba7 8. Bxc6+ bxc6 9. dxe5 Ne7 10. exd6 cxd6 11. Bf4 Bb8 12. Nbd2 O-O 13. h3 Bh5 14. Re1 h6 15. b4 f5 16. e5 Nd5 17. e6 Qf6 18. Qb3 Re8 19. Be3 Qxc3 20. Qxc3 Nxc3 21. Nd4 Nd5 22. Nxc6 Rxe6 23. Bd4 Re8 24. a4 Bc7 25. Nc4 Bf7 26. b5 Nf4 27. Ne3 axb5 28. axb5 Rxa1 29. Bxa1 Bc4 30. Rb1 Bd3 31. Rb3 Bb6 32. Kh2 Be4 33. Bd4 Bxd4 34. Nxd4 g6 35. Ra3 Kf7 36. Nc4 Rd8 37. Ra7+ Kf6 38. Nc6 Bxc6 39. bxc6 Rc8 40. c7 Ne6 41. Nxd6 1-0

[Event "Corr"]
[Site "?"]
[Date "2002.12.15"]
[Round "?"]
[White "Koch Christian"]
[Black "Marcotulli Giancarlo"]
[Result "1/2-1/2"]
[WhiteElo "2208"]
[BlackElo "2220"]
[PlyCount "62"]
[EventDate "2002.??.??"]
[Source "www.chesslib.no"]
[SourceDate "2004.05.04"]

1. e4 e5 2. Nf3 Nc6 3. Bb5 a6 4. Ba4 Bc5 5. c3 Nf6 6. O-O b5 7. d4 bxa4 8. dxc5 Qe7 9. Qxa4 Qxc5 10. Bg5 O-O 11. Bxf6 gxf6 12. b4 Qb6 13. Nbd2 Ne7 14. Qc2 Qe6 15. Ne1 f5 16. exf5 Nxf5 17. Qe4 d5 18. Qe2 a5 19. Nb3 e4 20. Nxa5 Ba6 21. b5 Qb6 22. bxa6 Qxa5 23. Rd1 Rfd8 24. Qg4+ Ng7 25. Qg5 f5 26. Nc2 Qxc3 27. Nd4 Kh8 28. Rfe1 Rd7 29. Re2 Qc4 30. Red2 Qxa6 31. Nxf5 Qg6 1/2-1/2

[Event "Corr"]
[Site "?"]
[Date "2002.08.24"]
[Round "?"]
[White "Krol Wladyslaw"]
[Black "Marcotulli Giancarlo"]
[Result "1-0"]
[WhiteElo "2248"]
[BlackElo "2176"]
[PlyCount "59"]
[EventDate "2002.??.??"]
[Source "www.chesslib.no"]
[SourceDate "2004.05.04"]

1. e4 e5 2. Nf3 Nc6 3. Bb5 a6 4. Ba4 Bc5 5. c3 Nf6 6. d4 Ba7 7. O-O O-O 8. dxe5 Nxe4 9. Qd5 Nc5 10. Bc2 d6 11. b4 Ne6 12. Qe4 f5 13. exf6 g6 14. Bh6 d5 15. Qh4 Rxf6 16. Nbd2 Rf7 17. Qg3 Ng7 18. Rad1 Bf5 19. Bb3 Nh5 20. Qh4 Qxh4 21. Nxh4 Bg4 22. Ndf3 Nf6 23. h3 Bd7 24. c4 Ne4 25. cxd5 Nxb4 26. Ne5 Rxf2 27. Kh2 Ba4 28. Bxa4 Bc5 29. Bd7 Bd6 30. Be6+ 1-0

[Event "Papp Bela Memorial"]
[Site "HUN"]
[Date "1995.??.??"]
[Round "?"]
[White "Boros, Daniel"]
[Black "Csorba, Janos"]
[Result "1-0"]
[WhiteElo "2285"]
[BlackElo "2135"]
[PlyCount "55"]
[EventDate "1995.??.??"]
[Source "www.chesslib.no"]
[SourceDate "2004.05.04"]

1. e4 e5 2. Nf3 Nc6 3. Bb5 a6 4. Ba4 Bc5 5. c3 Nf6 6. O-O b5 7. Bc2 d5 8. exd5 Qxd5 9. d4 exd4 10. Bb3 Qd6 11. cxd4 Bxd4 12. a4 b4 13. Re1+ Be6 14. Ng5 O-O 15. Nxe6 fxe6 16. Rxe6 Bxf2+ 17. Kxf2 Qc5+ 18. Be3 Ne4+ 19. Ke2 Qh5+ 20. Ke1 Qh4+ 21. g3 Nxg3 22. hxg3 Qxg3+ 23. Kd2 Rad8+ 24. Kc2 Kh8 25. Qd2 Nd4+ 26. Bxd4 Rxd4 27. Qe2 Qf4 28. Re8 1-0

[Event "Skopje ol (Men)"]
[Site "Skopje MKD"]
[Date "1972.??.??"]
[Round "6"]
[White "Chavez Chavez, Romelio"]
[Black "Kristiansen, Erling"]
[Result "0-1"]
[WhiteElo "2200"]
[BlackElo "2200"]
[PlyCount "96"]
[EventDate "1972.09.??"]
[Source "www.chesslib.no"]
[SourceDate "2004.05.04"]

1. e4 e5 2. Nf3 Nc6 3. Bb5 a6 4. Ba4 Bc5 5. c3 Ba7 6. d4 b5 7. Bc2 Qe7 8. a3 d6 9. h3 Nf6 10. Bg5 h6 11. Bh4 exd4 12. cxd4 g5 13. Bg3 Nxe4 14. O-O d5 15. Re1 f5 16. Ne5 Nxe5 17. Bxe5 O-O 18. Qh5 Kh7 19. Nc3 c6 20. Nxe4 fxe4 21. f3 Qxe5 22. fxe4 Bxd4+ 23. Kh1 Qg7 24. exd5+ Bf5 25. Bxf5+ Rxf5 26. d6 Be5 27. Rad1 Raf8 28. d7 Bc7 29. Qe8 Bd8 30. Qe4 Qg6 31. Qb4 c5 32. Qb3 c4 33. Qe3 R5f7 34. Qe8 Rf1+ 35. Rxf1 Rxe8 36. dxe8=Q Qxe8 37. Rfe1 Qf8 38. Re6 a5 39. Rd7+ Kh8 40. Rc6 Bf6 41. Rdc7 Kg8 42. Rc8 Bd8 43. Rc5 Kg7 44. Rxb5 Qf1+ 45. Kh2 Qf4+ 46. Kg1 Bb6+ 47. Kh1 Qf1+ 48. Kh2 Bg1+ 0-1

[Event "Corr"]
[Site "?"]
[Date "2002.09.03"]
[Round "?"]
[White "Gilles Robert P"]
[Black "Marcotulli Giancarlo"]
[Result "0-1"]
[WhiteElo "2188"]
[BlackElo "2176"]
[PlyCount "76"]
[EventDate "2002.??.??"]
[Source "www.chesslib.no"]
[SourceDate "2004.05.04"]

1. e4 e5 2. Nf3 Nc6 3. Bb5 a6 4. Ba4 Bc5 5. c3 Nf6 6. d4 Ba7 7. O-O O-O 8. Bg5 h6 9. Bh4 d6 10. Bxc6 bxc6 11. dxe5 dxe5 12. Qxd8 Rxd8 13. Nxe5 g5 14. Bg3 Bb7 15. Nc4 Nxe4 16. Bxc7 Nxf2 17. Bxd8 Rxd8 18. g3 Ng4+ 19. Kg2 c5+ 20. Kg1 Re8 21. Nbd2 Re2 22. Rf3 Bc6 23. h3 Bxf3 24. Nxf3 Ne3 25. Nxe3 Rxe3 26. Kf2 c4 27. Nd4 Rd3 28. Re1 Bxd4+ 29. cxd4 Rxd4 30. Re5 Rd2+ 31. Ke3 Rxb2 32. Ra5 Rb6 33. Rc5 Rb4 34. Kd4 Ra4 35. h4 gxh4 36. gxh4 Kg7 37. Rc6 Rxa2 38. Rxc4 Kg6 0-1

[Event "It Open"]
[Site "Massy FRA"]
[Date "1993.??.??"]
[Round "8"]
[White "Rudiano Nicolas"]
[Black "Petersen, Soren Boeck"]
[Result "1/2-1/2"]
[WhiteElo "2120"]
[BlackElo "2235"]
[PlyCount "87"]
[EventDate "1993.??.??"]
[Source "www.chesslib.no"]
[SourceDate "2004.05.04"]

1. e4 e5 2. Nf3 Nc6 3. Bb5 a6 4. Ba4 Bc5 5. O-O f6 6. c3 Ba7 7. d4 d6 8. d5 b5 9. dxc6 bxa4 10. Qxa4 Ne7 11. Na3 Bg4 12. Nd2 O-O 13. Ndc4 Qe8 14. Ne3 Be6 15. Rd1 Qf7 16. c4 Bxe3 17. Bxe3 Qe8 18. Nc2 Qxc6 19. Qxc6 Nxc6 20. c5 Rfd8 21. cxd6 cxd6 22. b3 Rab8 23. Rac1 Ne7 24. Rd3 d5 25. exd5 Rxd5 26. Rxd5 Nxd5 27. Bd2 Rc8 28. Kf1 Bf5 29. Ne3 Bd3+ 30. Ke1 Rxc1+ 31. Bxc1 Nxe3 32. Bxe3 Kf7 33. Kd2 e4 34. b4 Ke6 35. Kc3 Kd5 36. a4 Be2 37. Ba7 h5 38. h4 g5 39. g3 gxh4 40. gxh4 f5 41. Bb8 Bd1 42. a5 Ba4 43. Bf4 Bb5 44. Bb8 1/2-1/2

[Event "Manresa op"]
[Site "?"]
[Date "1993.??.??"]
[Round "?"]
[White "Simon E"]
[Black "Puig I"]
[Result "1-0"]
[WhiteElo "2330"]
[BlackElo "2015"]
[PlyCount "33"]
[EventDate "1993.??.??"]
[Source "www.chesslib.no"]
[SourceDate "2004.05.04"]

1. e4 e5 2. Nf3 Nc6 3. Bb5 a6 4. Ba4 Bc5 5. c3 b5 6. Bb3 Nge7 7. O-O d6 8. d4 exd4 9. cxd4 Bb6 10. Ng5 O-O 11. Qh5 h6 12. Nxf7 Rxf7 13. Bxf7+ Kf8 14. Bb3 d5 15. exd5 Nxd4 16. d6 Nxb3 17. dxe7+ 1-0

[Event "Pan American-ch U18"]
[Site "?"]
[Date "2002.05.30"]
[Round "7"]
[White "Seia Diego"]
[Black "Cubas Berdnavek Rodrigo D"]
[Result "1-0"]
[WhiteElo "2235"]
[BlackElo "2099"]
[PlyCount "91"]
[EventDate "2002.??.??"]
[Source "www.chesslib.no"]
[SourceDate "2004.05.04"]

1. e4 e5 2. Nf3 Nc6 3. Bb5 a6 4. Ba4 Bc5 5. O-O d6 6. h3 Nf6 7. c3 b5 8. Bc2 h6 9. a4 Bb7 10. Re1 O-O 11. d3 Re8 12. Nbd2 d5 13. Qe2 d4 14. c4 Nb4 15. Bb3 Bc6 16. axb5 axb5 17. Rxa8 Qxa8 18. cxb5 Bxb5 19. Nc4 Nc6 20. Rf1 Na5 21. Nxa5 Qxa5 22. Nh4 Qa6 23. Bc2 Bf8 24. Nf5 Bd7 25. g4 Nh7 26. Kg2 Be7 27. f4 f6 28. Bb3+ Be6 29. Qc2 Bd8 30. Bd2 Nf8 31. Ba4 Bd7 32. Qb3+ Qe6 33. Qxe6+ Rxe6 34. Bb3 Bb5 35. Bb4 Kh7 36. Bxf8 Re8 37. Bxg7 Bxd3 38. Re1 c5 39. Bf7 Ba5 40. Bxe8 Bxe1 41. Kf3 Bc2 42. Bxf6 d3 43. g5 hxg5 44. fxg5 Bb3 45. g6+ Kg8 46. Bf7+ 1-0

[Event "Marin (Spain)"]
[Site "?"]
[Date "2004.07.21"]
[Round "9"]
[White "Acuna Celada Ivan"]
[Black "Abalde Fernandez Esteban"]
[Result "0-1"]
[WhiteElo "2146"]
[BlackElo "2181"]
[PlyCount "126"]
[EventDate "2004.??.??"]
[Source "www.chesslib.no"]
[SourceDate "2004.05.04"]

1. e4 e5 2. Nf3 Nc6 3. Bb5 a6 4. Ba4 Bc5 5. O-O Nge7 6. c3 b5 7. Bb3 O-O 8. d4 Bb6 9. a4 bxa4 10. Bxa4 f6 11. Na3 d6 12. Nc4 Bg4 13. Nxb6 cxb6 14. d5 Na5 15. h3 Bh5 16. g4 Bg6 17. Qd3 Be8 18. Nh4 Bxa4 19. Rxa4 b5 20. Ra2 Nb3 21. Be3 Qc7 22. Nf5 Nxf5 23. gxf5 Rfc8 24. f3 Qc4 25. Qxc4 bxc4 26. Ra4 a5 27. Kf2 Rab8 28. Kg3 Rb5 29. f4 Kf7 30. fxe5 fxe5 31. Kg4 Rb7 32. Kh5 h6 33. Rg1 Nc5 34. Bxc5 Rxc5 35. Ra2 Rcb5 36. Rga1 Rxb2 37. Rxa5 Re2 38. Ra7 Rxa7 39. Rxa7+ Kf6 40. Ra8 Rxe4 41. Rf8+ Ke7 42. Rc8 Re3 43. Rxc4 Rxh3+ 44. Kg4 Rd3 45. Rc7+ Kf6 46. c4 h5+ 47. Kxh5 Kxf5 48. Rf7+ Ke4 49. Rxg7 Kd4 50. Rd7 Kxc4 51. Rxd6 Rxd5 52. Re6 Kd4 53. Kg4 Ke4 54. Ra6 Ke3 55. Ra3+ Rd3 56. Ra1 Rd4+ 57. Kf5 e4 58. Re1+ Kf3 59. Rf1+ Ke2 60. Ke5 Rc4 61. Rf4 Ke3 62. Rh4 Rc5+ 63. Kd6 Ra5 0-1

[Event "Ch World (juniors)"]
[Site "Warsaw POL"]
[Date "1991.??.??"]
[Round "?"]
[White "Ballester Sanz Joaquin"]
[Black "Everet, Alexander"]
[Result "1-0"]
[WhiteElo "2225"]
[BlackElo "2095"]
[PlyCount "43"]
[EventDate "1991.??.??"]
[Source "www.chesslib.no"]
[SourceDate "2004.05.04"]

1. e4 e5 2. Nf3 Nc6 3. Bb5 a6 4. Ba4 Bc5 5. c3 Nf6 6. O-O O-O 7. Re1 d6 8. h3 Bd7 9. d4 exd4 10. cxd4 Bb4 11. Bd2 Bxd2 12. Nbxd2 Re8 13. Bc2 Ne7 14. Nf1 c6 15. Ng3 Be6 16. Ng5 Ng6 17. Qe2 d5 18. e5 Nd7 19. f4 Ngf8 20. f5 h6 21. fxe6 hxg5 22. exd7 1-0

[Event "FRA, Team Ch N1 2004/05 rounds 8-10"]
[Site "?"]
[Date "2005.05.07"]
[Round "10.7"]
[White "Bremond Eric"]
[Black "Canonne Antoine"]
[Result "1-0"]
[WhiteElo "2240"]
[BlackElo "2075"]
[PlyCount "111"]
[EventDate "2005.??.??"]
[Source "www.chesslib.no"]
[SourceDate "2004.05.04"]

1. e4 Nc6 2. Nf3 e5 3. Bb5 a6 4. Ba4 Bc5 5. Qe2 b5 6. Bb3 Bb7 7. a4 Nf6 8. O-O d6 9. axb5 axb5 10. Rxa8 Qxa8 11. Qxb5 O-O 12. d3 Na5 13. Bxf7+ Rxf7 14. b4 Bb6 15. bxa5 Qxa5 16. Qxa5 Bxa5 17. Be3 Ng4 18. Bd2 Bb6 19. h3 Nf6 20. Nc3 Rf8 21. Rb1 Bc6 22. Nd1 Ra8 23. Be3 Bxe3 24. Nxe3 g6 25. Kf1 Kf8 26. Ke2 Ke7 27. Nc4 Nh5 28. g3 Ng7 29. Rb3 Ne6 30. Ra3 Ra4 31. Rxa4 Bxa4 32. c3 Bb5 33. Nfd2 g5 34. Ne3 Kf6 35. Nd5+ Kf7 36. Ke3 h6 37. Nf3 Ba4 38. Kd2 Be8 39. Nh2 c6 40. Nb4 Nc7 41. Nf3 Ke6 42. Ke3 Nb5 43. c4 Nc7 44. d4 exd4+ 45. Nxd4+ Kf6 46. Nbxc6 Bd7 47. g4 h5 48. gxh5 Bxh3 49. Nb5 Bd7 50. Nxc7 Bxc6 51. Kd4 g4 52. Nb5 Kg5 53. Nxd6 Kxh5 54. Ke5 Kg5 55. Nf5 Ba4 56. c5 1-0

[Event "Tchigorine (memorial)"]
[Site "?"]
[Date "2004.10.16"]
[Round "1.77"]
[White "Osinovsky Stepan (RUS)"]
[Black "Belov Mikhail (RUS)"]
[Result "0-1"]
[WhiteElo "2325"]
[BlackElo "1972"]
[PlyCount "72"]
[EventDate "2004.??.??"]
[Source "www.chesslib.no"]
[SourceDate "2004.05.04"]

1. e4 e5 2. Nf3 Nc6 3. Bb5 a6 4. Ba4 Bc5 5. O-O d6 6. c3 Bd7 7. Qe2 Nge7 8. Rd1 O-O 9. h3 Ng6 10. d4 exd4 11. cxd4 Nxd4 12. Rxd4 Bxd4 13. Bxd7 Bxf2+ 14. Qxf2 Qxd7 15. Nc3 f5 16. Qc2 Kh8 17. b3 Rae8 18. Bb2 Nf4 19. Re1 Qc6 20. Qd2 fxe4 21. Nd4 Qc5 22. Rxe4 Rxe4 23. Nxe4 Qd5 24. Nc3 Qg5 25. Kh2 Nxh3 26. Qxg5 Nxg5 27. Nd5 Rf7 28. Kg3 Ne4+ 29. Kg4 Nf2+ 30. Kh4 Nd3 31. Bc3 c5 32. Ne6 Nc1 33. a4 Nxb3 34. g4 b5 35. axb5 axb5 36. Ne3 Re7 0-1

[Event "Lisbon Mestres-B"]
[Site "Lisbon POR"]
[Date "1995.??.??"]
[Round "3"]
[White "Gaspar, Artur"]
[Black "Santos, Jose Alves"]
[Result "1-0"]
[WhiteElo "2220"]
[BlackElo "2065"]
[PlyCount "45"]
[EventDate "1995.??.??"]
[Source "www.chesslib.no"]
[SourceDate "2004.05.04"]

1. e4 e5 2. Nf3 Nc6 3. Bb5 a6 4. Ba4 Bc5 5. O-O d6 6. c3 b5 7. Bb3 Bg4 8. Bd5 Qd7 9. Bxc6 Qxc6 10. Nxe5 Bxd1 11. Nxc6 Bc2 12. d4 Kd7 13. dxc5 Kxc6 14. cxd6 Bxe4 15. dxc7 Kxc7 16. Bf4+ Kc6 17. Nd2 Bd5 18. Nb3 Ne7 19. Nd4+ Kc5 20. Rfe1 Nc6 21. Nf5 b4 22. Be3+ Kb5 23. c4+ 1-0

[Event "Ikaros Open 2006"]
[Site "?"]
[Date "2006.07.14"]
[Round "4"]
[White "Saltaev, Mihail"]
[Black "Sotiriou, Athanasios"]
[Result "1-0"]
[WhiteElo "2508"]
[BlackElo "1770"]
[PlyCount "47"]
[EventDate "2006.??.??"]
[Source "www.chesslib.no"]
[SourceDate "2004.05.04"]

1. e4 e5 2. Nf3 Nc6 3. Bb5 a6 4. Ba4 Bc5 5. O-O b5 6. Bb3 d6 7. a4 Bg4 8. h3 Bh5 9. c3 Nf6 10. d3 O-O 11. Be3 Qd7 12. Nbd2 Ne7 13. Bg5 Ng6 14. Bxf6 Nf4 15. Bh4 Nxh3+ 16. Kh2 Nf4 17. Bg3 Qg4 18. d4 exd4 19. Nxd4 Qg6 20. N2f3 Qh6 21. Nf5 Qf6 22. Bxf4 g6 23. Bg5 Bxf3 24. Bxf6 1-0

[Event "Ch World (juniors)"]
[Site "Warsaw POL"]
[Date "1991.??.??"]
[Round "?"]
[White "Tarachowicz, Alina"]
[Black "Bhatia Kanwal"]
[Result "0-1"]
[WhiteElo "2045"]
[BlackElo "2225"]
[PlyCount "48"]
[EventDate "1991.??.??"]
[Source "www.chesslib.no"]
[SourceDate "2004.05.04"]

1. e4 e5 2. Nf3 Nc6 3. Bb5 a6 4. Ba4 Bc5 5. c3 Nf6 6. d3 b5 7. Bb3 h6 8. O-O O-O 9. Nbd2 d5 10. exd5 Nxd5 11. Re1 Re8 12. d4 Bb6 13. dxe5 Nf4 14. Bc2 Bg4 15. Be4 Qd7 16. Qc2 Rad8 17. Qb3 Ng6 18. h3 Bxf3 19. Bxf3 Ncxe5 20. Bh5 Nf3+ 21. gxf3 Rxe1+ 22. Kg2 Nh4+ 23. Kg3 Rg1+ 24. Kf4 g5+ 0-1

[Event "43rd Tch-POR, Barreiro POR"]
[Site "?"]
[Date "2001.??.??"]
[Round "2"]
[White "Ferreira, An"]
[Black "Santos, Ju"]
[Result "1-0"]
[WhiteElo "2215"]
[BlackElo "2045"]
[PlyCount "49"]
[EventDate "2001.??.??"]
[Source "www.chesslib.no"]
[SourceDate "2004.05.04"]

1. e4 e5 2. Nf3 Nc6 3. Bb5 a6 4. Ba4 Bc5 5. O-O b5 6. Bb3 d6 7. a4 b4 8. c3 Be6 9. Bxe6 fxe6 10. d4 exd4 11. cxd4 Ba7 12. d5 Nce7 13. Ng5 exd5 14. Qh5+ Ng6 15. exd5 Nf6 16. Re1+ Kf8 17. Ne6+ Kg8 18. Qf5 Qd7 19. Bg5 Ne7 20. Qf3 Ng6 21. Bxf6 gxf6 22. Nd2 f5 23. Rac1 Rc8 24. Nc4 Qf7 25. Nxd6 1-0

[Event "Corr"]
[Site "?"]
[Date "2002.12.22"]
[Round "?"]
[White "Graff John V"]
[Black "Nagley Tim"]
[Result "1/2-1/2"]
[WhiteElo "2099"]
[BlackElo "2130"]
[PlyCount "69"]
[EventDate "2002.??.??"]
[Source "www.chesslib.no"]
[SourceDate "2004.05.04"]

1. e4 e5 2. Nf3 Nc6 3. Bb5 a6 4. Ba4 Bc5 5. c3 Nf6 6. d4 exd4 7. e5 Ne4 8. cxd4 Bb4+ 9. Nbd2 b5 10. Bc2 d5 11. exd6 Nxd2 12. Bxd2 Qxd6 13. O-O Be6 14. Be4 Bxd2 15. Qxd2 Rd8 16. Bxc6+ Qxc6 17. Rfc1 Qd6 18. Qa5 O-O 19. Qxc7 Bd5 20. Qxd6 Rxd6 21. Ne1 Be6 22. Nf3 Bd5 23. Ne5 Ba8 24. Rd1 Rfd8 25. Rac1 f6 26. Ng4 Rxd4 27. Rxd4 Rxd4 28. Ne3 Be4 29. f3 Bg6 30. Rd1 Rxd1+ 31. Nxd1 Kf7 32. Kf2 Ke6 33. Ke3 Kf5 34. Kd4 Bf7 35. a3 1/2-1/2

[Event "10th Heraclion Open Tournament"]
[Site "?"]
[Date "2006.06.14"]
[Round "5.10"]
[White "Skaperdas, Kostantinos"]
[Black "Mbaskas, Evangelos"]
[Result "1-0"]
[WhiteElo "2235"]
[BlackElo "1979"]
[PlyCount "89"]
[EventDate "2006.06.10"]
[Source "www.chesslib.no"]
[SourceDate "2004.05.04"]

1. e4 e5 2. Nf3 Nc6 3. Bb5 a6 4. Ba4 Bc5 5. c3 b5 6. Bb3 d6 7. a4 Bb7 8. O-O Nf6 9. d3 h6 10. Be3 Bxe3 11. fxe3 O-O 12. axb5 axb5 13. Rxa8 Bxa8 14. Qe1 Na5 15. Bc2 c5 16. b4 cxb4 17. cxb4 Nc6 18. Nh4 Ng4 19. Nf5 Ne7 20. Qg3 Nxf5 21. Rxf5 Nf6 22. Bb3 Kh8 23. Qe1 Qe7 24. Nc3 Bc6 25. Rf2 Ng4 26. Rf3 f5 27. h3 Nf6 28. Rxf5 Ra8 29. Qc1 Bd7 30. Rf2 Rc8 31. Rc2 Rf8 32. Nd5 Nxd5 33. Bxd5 Qg5 34. Rf2 Rc8 35. Qf1 Kh7 36. Rf3 Rc2 37. Kh2 h5 38. Rg3 Qe7 39. Qd1 Rxg2+ 40. Rxg2 g6 41. Qf3 Be8 42. Rf2 Qa7 43. Qf8 Qxe3 44. Bg8+ Kh8 45. Bf7+ 1-0

[Event "Calvia (open)"]
[Site "?"]
[Date "2004.11.07"]
[Round "7"]
[White "Serra Olives Tomas"]
[Black "Nyland Thomas"]
[Result "0-1"]
[WhiteElo "2200"]
[BlackElo "2008"]
[PlyCount "70"]
[EventDate "2004.??.??"]
[Source "www.chesslib.no"]
[SourceDate "2004.05.04"]

1. e4 e5 2. Nf3 Nc6 3. Bb5 a6 4. Ba4 Bc5 5. O-O d6 6. d4 exd4 7. Bg5 Nge7 8. Nxd4 Bxd4 9. Qxd4 f6 10. Bxf6 gxf6 11. Qxf6 Ng6 12. Qc3 Bd7 13. f4 Rf8 14. Qe3 Qf6 15. Nc3 Qd4 16. Rae1 Qxe3+ 17. Rxe3 Rxf4 18. Rfe1 O-O-O 19. Nd5 Rf7 20. b4 Nce7 21. Bb3 Nxd5 22. Bxd5 Re7 23. Bb3 Rde8 24. c4 Bc6 25. Bc2 d5 26. cxd5 Bxd5 27. a4 Bc6 28. g3 Ne5 29. Rc3 Ng4 30. Rc1 Kb8 31. b5 axb5 32. axb5 Bxb5 33. Ra1 c6 34. Rb3 Nf6 35. Re1 Ba4 0-1

[Event "Mayors Cup Open"]
[Site "Mumbai IND"]
[Date "2008.05.14"]
[Round "5"]
[White "Thipsay, B."]
[Black "Dishen Singh, Y."]
[Result "1-0"]
[WhiteElo "2193"]
[BlackElo "1969"]
[PlyCount "119"]
[EventDate "2008.05.11"]
[Source "www.chesslib.no"]
[SourceDate "2004.05.04"]

1. e4 e5 2. Nf3 Nc6 3. Bb5 a6 4. Ba4 Bc5 5. c3 b5 6. Bb3 Qf6 7. d3 h6 8. Be3 d6 9. Nbd2 Nge7 10. Bd5 Nxd5 11. exd5 Ne7 12. Bxc5 dxc5 13. c4 Bg4 14. Qe2 Ng6 15. Qe3 O-O 16. Ne4 Qb6 17. Qxc5 Nf4 18. Qxb6 cxb6 19. Kd2 f5 20. Nc3 e4 21. Ne5 b4 22. Na4 exd3 23. g3 Nh3 24. Nxd3 b5 25. Nb6 Rad8 26. c5 Bf3 27. d6 Bxh1 28. Rxh1 Ng5 29. d7 Rf6 30. Nd5 Rxd7 31. Nxf6+ gxf6 32. c6 Rc7 33. Nxb4 Kf7 34. Rc1 a5 35. Nd5 Rc8 36. Nb6 Rc7 37. Nd5 Rc8 38. c7 Ne6 39. Rc6 h5 40. f4 b4 41. Kd3 a4 42. Kc4 b3 43. a3 h4 44. Kb4 hxg3 45. hxg3 Nd4 46. Rxf6+ Kg7 47. Rd6 Kf7 48. Kc5 Ne6+ 49. Kb6 Nxc7 50. Nxc7 Rh8 51. Rd4 Rh2 52. Rxa4 Rxb2 53. Rb4 Rb1 54. a4 Ke7 55. a5 b2 56. a6 Kd7 57. a7 Rc1 58. a8=Q b1=Q 59. Qe8+ Kd6 60. Qe6# 1-0

[Event "Tula RUS"]
[Site "?"]
[Date "2006.02.02"]
[Round "2"]
[White "Grinkevich Sergey"]
[Black "Kazakov Nikolay"]
[Result "1-0"]
[WhiteElo "2255"]
[BlackElo "1906"]
[PlyCount "71"]
[EventDate "2006.??.??"]
[Source "www.chesslib.no"]
[SourceDate "2004.05.04"]

1. e4 e5 2. Nf3 Nc6 3. Bb5 a6 4. Ba4 Bc5 5. c3 b5 6. Bb3 d6 7. Bd5 Nge7 8. a4 Bd7 9. O-O Nxd5 10. exd5 Ne7 11. d4 exd4 12. Nxd4 h6 13. axb5 O-O 14. Nc6 Bxc6 15. bxc6 Ng6 16. Nd2 Re8 17. Nc4 Qh4 18. Qd3 Bxf2+ 19. Rxf2 Re4 20. Nd2 Re1+ 21. Rf1 Nf4 22. Nf3 Qf2+ 23. Kxf2 Nxd3+ 24. Kg1 Re4 25. Rd1 Ne5 26. Nxe5 Rxe5 27. b4 Ree8 28. Bf4 g5 29. Bg3 f5 30. Re1 Kf7 31. Rxe8 Kxe8 32. Ra5 Kd8 33. b5 Kc8 34. bxa6 h5 35. a7 f4 36. Bf2 1-0

[Event "Memorial Najdorf - Open"]
[Site "Varsavia POL"]
[Date "2008.08.03"]
[Round "2"]
[White "Dragun, K."]
[Black "Szewczak, And"]
[Result "1-0"]
[WhiteElo "2240"]
[BlackElo "1902"]
[PlyCount "123"]
[EventDate "2008.08.02"]
[Source "www.chesslib.no"]
[SourceDate "2004.05.04"]

1. e4 e5 2. Nf3 Nc6 3. Bb5 a6 4. Ba4 Bc5 5. O-O b5 6. Bb3 d6 7. c3 Nf6 8. d4 Bb6 9. dxe5 Nxe5 10. Nxe5 dxe5 11. Qf3 Bg4 12. Qg3 Qd6 13. Bg5 Be2 14. Bxf6 Qxf6 15. Re1 Bh5 16. Nd2 Rd8 17. Nf1 Rd3 18. Ne3 Rd2 19. Rf1 c6 20. Bd1 Bg6 21. Ng4 Qf4 22. Nxe5 Qxg3 23. hxg3 Bxe4 24. Bb3 f6 25. Nf3 Bxf3 26. gxf3 f5 27. Rad1 Rxd1 28. Rxd1 Ke7 29. Re1+ Kd6 30. Kg2 Rd8 31. f4 Rd7 32. Kf3 Re7 33. Rh1 h6 34. Bc2 Ke6 35. Rh5 g6 36. Rxh6 Kf6 37. Rh1 Rd7 38. Rd1 Rxd1 39. Bxd1 a5 40. Ke2 Ke7 41. f3 Bc7 42. Bb3 Kf6 43. Bc2 g5 44. fxg5+ Kxg5 45. Kf2 f4 46. g4 Be5 47. Ke2 c5 48. Kd3 a4 49. Ke4 Bg7 50. Kd5 b4 51. Bxa4 bxc3 52. bxc3 Bxc3 53. Kxc5 Kf6 54. Bc2 Ke7 55. g5 Ke6 56. a4 Ba5 57. Kb5 Bd8 58. g6 Bf6 59. a5 Kd7 60. Kb6 Kc8 61. a6 Bd4+ 62. Kc6 1-0